[Event "FIDE WCCC U12 2018"]
[Site "Santiago de Compostela"]
[Date "2018.11.12"]
[Round "8"]
[White "Kang, Dorian"]
[Black "Tashev, Aleksandar"]
[Result "0-1"]
[WhiteElo "1953"]
[BlackElo "2211"]
[Annotator "TA"]
[PlyCount "94"]
[EventDate "2018.11.04"]
[EventType "swiss"]
[EventCountry "ESP"]
[SourceTitle "playchess.com"]
[Source "ChessBase"]
[SourceQuality "1"]

{[%evp 19,94,14,35,0,60,53,78,87,116,74,61,40,57,17,62,60,69,78,74,29,15,18,49,-14,0,0,0,-38,-31,-38,-27,-115,-126,-147,-135,-260,-253,-232,-188,-246,-221,-197,-11,-97,-3,-18,37,35,39,0,0,-100,-87,-67,-38,-5214,-150,-29996,-29991,-29991,-5206,-1994,-1021,-1865,-1113,-1122,-1096,-1162,-1162,-1162,-1113,-1098,-1010,-29995,-29996,-29998,-29999]} 1. e4 c5 2. Nf3 Nc6 3. Bb5 g6 4. Bxc6 dxc6 5. d3 Bg7 6. h3 Nf6 7. Nc3 Nd7 8. Be3 e5 9. Qd2 O-O 10. Bh6 Re8 {LiveBook: 18 Games} 11. h4 {B31: Sicilian: 2...Nc6 3 Bb5 g6} (11. Bxg7 Kxg7 12. Qe3 b6 13. a4 Nf8 14. a5 Ba6 15. O-O Qe7 16. Ne2 Ne6 17. b3 f6 18. Nh2 Nd4 19. Nxd4 cxd4 {½-½ (32) Martin Sanchez,C (2418)-Rodriguez Landa,M (2457) ICCF email 2013}) 11... Bxh6 (11... Nf6 $11) 12. Qxh6 $14 Qf6 13. h5 $146 {White is better.} ({Predecessor:} 13. Ne2 Nf8 14. h5 Qg7 15. hxg6 hxg6 16. O-O-O Qxh6+ 17. Rxh6 Bg4 18. Rh4 Bxf3 {½-½ (18) Kerbrat,J (2158)-Moingt,J (2292) France 2005}) 13... Nf8 14. hxg6 fxg6 15. Ng5 {[%cal Rg5h7]} Re7 16. O-O-O Qg7 17. Qh4 Ne6 18. Nxe6 Bxe6 19. f4 exf4 20. Qxf4 Rf8 21. Qe3 (21. Qd6 $14) 21... Qd4 22. Qg5 Ref7 23. Qh6 Qe5 24. Kb1 a5 25. Rh4 {[#]} (25. a4 $11) 25... a4 $1 $17 {[%mdl 512]} 26. a3 (26. Nxa4 b5) 26... b5 {And now ...b4 would win.} 27. Ne2 (27. Qe3 $17) 27... b4 $19 28. axb4 a3 {[%csl Ga3][%cal Re5b2]} 29. d4 (29. bxa3 {was necessary.} cxb4 30. axb4) 29... Qb8 30. b3 Bc4 $2 (30... cxb4 31. Nf4 $1 $11 {[%mdl 512]}) ({Black should play} 30... Qxb4 $19 31. d5 cxd5 32. exd5 Bg4) 31. Nf4 {[#]} (31. Nc1 $1 $11) 31... Qxb4 ({Better is} 31... Bxb3 $1 $17 32. cxb3 Qxb4) 32. Rh3 $1 $11 a2+ (32... Bd3 $11 33. Rhxd3 (33. Nxd3 $2 Qc3 $19) 33... Rxf4) 33. Ka1 $14 {Strongly threatening Nxg6.} ({But not} 33. Kxa2 $2 Ra8+ 34. Kb2 cxd4 $19) 33... Bxb3 34. Rxb3 (34. cxb3 $5 {[%cal Rf4g6]} c4 35. e5 (35. Nxg6 cxb3 36. Ne7+ Qxe7 $15) 35... cxb3 36. Nd3 Qxd4+ 37. Nb2 Qxe5 38. Rxb3 $14) 34... Qc4 35. Rh1 (35. Nxg6 $1 $11 {remains equal.} Qxc2 36. Rc1 Qxb3 37. Nxf8 Rxf8 38. Qg5+ Kh8 39. Qxc5) 35... Qxc2 36. Rb2 Qxe4 $40 {[%mdl 128] Black mounts an attack.} 37. Nh3 $2 {[%mdl 8192]} (37. g3 $15) 37... Qxd4 $2 (37... Rf1+ $19 {has better winning chances.} 38. Qc1 Rxc1+ 39. Rxc1 Qxd4) 38. Kxa2 $2 (38. Qc1 $17) 38... Qa4+ 39. Kb1 Rf1+ (39... Qe4+ $142 40. Kc1 Rf1+ 41. Rxf1 Rxf1+ 42. Kd2 Qxg2+ 43. Kc3 Qf3+ 44. Kc4 Qd5+ 45. Kc3 Rf3+ 46. Qe3 Rxe3+ 47. Kc2 Qd3+ 48. Kc1 Re1#) 40. Rxf1 $19 Rxf1+ 41. Qc1 Rxc1+ 42. Kxc1 {[%mdl 4096] Endgame KQ-KRN} c4 {[%cal Bc5c4,Bc4c3][%mdl 32]} 43. Rc2 Qa1+ 44. Kd2 Qd4+ 45. Kc1 c3 46. Kb1 Qd1+ 47. Rc1 Qb3+ {Precision: White = 31%, Black = 52%.} 0-1

[Event "FIDE WCCC U12 2018"]
[Site "Santiago de Compostela"]
[Date "2018.11.12"]
[Round "8"]
[White "Tobak, Mikhail"]
[Black "Maurizzi, Marc Andria"]
[Result "0-1"]
[WhiteElo "1936"]
[BlackElo "2103"]
[Annotator "TA"]
[PlyCount "97"]
[EventDate "2018.11.04"]
[EventType "swiss"]
[EventCountry "ESP"]
[SourceTitle "playchess.com"]
[Source "ChessBase"]
[SourceQuality "1"]

{[%evp 24,97,52,49,77,77,78,71,71,71,84,81,95,56,104,104,126,121,120,120,192,182,234,233,231,219,210,166,157,137,232,231,240,235,242,86,86,86,86,66,65,53,86,86,86,86,86,86,86,86,86,86,86,86,86,86,86,52,52,52,53,53,60,60,61,0,61,37,37,37,37,37,37,37,44,38]} 1. Nf3 Nf6 2. g3 d5 3. Bg2 c5 4. O-O Nc6 5. d4 e6 6. c4 dxc4 7. Qa4 cxd4 8. Nxd4 Qxd4 9. Bxc6+ Bd7 10. Rd1 Bxc6 11. Qxc6+ bxc6 12. Rxd4 c5 {E04: Open Catalan: 5 Nf3} 13. Rxc4 {LiveBook: 15 Games} Rb8 $146 ({Predecessor:} 13... Bd6 14. Nc3 Rb8 15. b3 Ke7 16. Ba3 Rhc8 17. Rd1 a6 18. f4 Nd7 19. Ne4 Rb6 20. Rc2 {1-0 (39) Bai,J (2594)-Xiang,Z (2423) Tianjin 2018}) 14. b3 Be7 {White is better.} 15. Ba3 Nd7 16. Nd2 Rc8 17. Rac1 f5 18. R4c2 a5 19. Nc4 Ra8 20. Rd1 Ra7 21. Rcd2 a4 {[#]} (21... h5 $16 {was called for.} 22. Nd6+ Bxd6 23. Rxd6 Ke7) 22. bxa4 $1 $18 Rxa4 (22... Nf6 $142) 23. Rxd7 Rxc4 {[#]} 24. Rc7 $1 {[%cal Rc7c8]} Bd8 25. Rxc5 Rxc5 26. Bxc5 {[%mdl 4096] Endgame KRB-KRB} Kf7 (26... h5 $16 {was worth a try.} 27. Kg2 g5) 27. Rd7+ Kg6 28. a4 Bf6 29. Rd6 $2 (29. a5 $18 {is more deadly.}) 29... Ra8 $16 30. Rxe6 Rxa4 31. e3 Kf7 32. Rb6 Rc4 33. Rb7+ Kg6 34. Bd6 Rc6 35. Bf4 Rc2 36. Rb5 Rb2 37. Rd5 Rb7 38. h4 h5 39. Kg2 Ra7 40. f3 Ra2+ 41. Kf1 Ra1+ 42. Ke2 Ra2+ 43. Kd1 Ra1+ 44. Ke2 (44. Kd2 {is more complex.} Ra2+ 45. Ke1 Ra1+ 46. Kf2 Ra2+ 47. Kg1) 44... Ra2+ 45. Rd2 {White is slightly better.} Rxd2+ 46. Kxd2 Kf7 47. e4 Ke6 48. Kd3 fxe4+ 49. Kxe4 {[%mdl 32768] Precision: White = 67%, Black = 55%. . Sensor Board Error (Ke4/e5)?} 0-1

[Event "FIDE WCCC U12 2018"]
[Site "Santiago de Compostela"]
[Date "2018.11.12"]
[Round "8"]
[White "Chen, Max"]
[Black "Lazavik, Denis"]
[Result "1/2-1/2"]
[WhiteElo "1910"]
[BlackElo "2235"]
[Annotator "TA"]
[PlyCount "76"]
[EventDate "2018.11.04"]
[EventType "swiss"]
[EventCountry "ESP"]
[SourceTitle "playchess.com"]
[Source "ChessBase"]
[SourceQuality "1"]

{[%evp 17,76,12,15,14,21,6,16,0,0,0,0,0,0,-8,0,0,0,0,0,-18,32,36,55,78,50,0,-7,-67,-41,-52,11,17,31,27,49,41,37,25,40,40,41,45,66,66,69,66,64,69,118,64,118,114,106,0,106,106,148,51,51,0,139]} 1. e4 e5 2. Nf3 Nc6 3. Bc4 Bc5 4. c3 Nf6 5. d3 d6 6. b4 {[%cal Bb2b4,Bb4b5][%mdl 32]} Bb6 7. O-O h6 8. a4 a5 {C54: Giuoco Piano: 4 c3 Nf6, main lines with 5 d4 and 5 d3} 9. b5 Ne7 {LiveBook: 9 Games} 10. Be3 (10. Nbd2 O-O 11. Re1 Ng6 12. Bb3 Re8 13. Nc4 Bc5 14. h3 c6 15. Bd2 Be6 16. bxc6 bxc6 {½-½ (31) Nakamura,H (2793)-Xiong,J (2674) Saint Louis 2017}) 10... Bxe3 11. fxe3 Ng6 12. Qb3 O-O 13. Nbd2 c6 $146 {Threatening ...d5.} ({Predecessor:} 13... Qe7 14. Rae1 b6 15. Qa2 Re8 16. Bd5 Nxd5 17. exd5 {1-0 (46) Baeumler,I-Zoefel,P (2074) Bad Zwesten 2001}) 14. d4 Bg4 15. Bd3 Be6 16. Qa3 Qc7 17. Rab1 Rad8 18. Rb2 Nd7 19. Rfb1 {aiming for bxc6.} c5 20. d5 Bg4 21. Rf1 (21. b6 $14 Qc8 22. Nc4) 21... Nb6 $11 22. Nc4 (22. c4 $11) 22... Nxc4 $15 23. Bxc4 b6 (23... f5 $15) 24. Rbf2 $11 Bxf3 25. Rxf3 Nh4 26. R3f2 Qe7 27. Qc1 Qg5 28. g3 Ng6 29. Rf5 Qe7 30. Be2 f6 31. Bg4 c4 32. R5f2 Qc7 33. Kg2 ({White should try} 33. Qd1 $16 {Hoping for Be6+.} Ne7 34. Be6+ Kh7 35. Qg4) 33... Ne7 (33... Rfe8 $14) 34. Bh3 Qc5 35. Bg4 (35. Be6+ $16 Kh7 36. Kg1) 35... Kh8 (35... Qc7 $1 $11 {keeps the balance.}) 36. Be6 $16 Rfe8 37. Bf7 (37. h4 $16) 37... Rf8 $14 38. Be6 (38. Bh5 $1 $14) 38... Rfe8 $1 {Precision: White = 44%, Black = 44%.} 1/2-1/2

[Event "FIDE WCCC U12 2018"]
[Site "Santiago de Compostela"]
[Date "2018.11.12"]
[Round "8"]
[White "Zhao, Jeffrey Renfei"]
[Black "Yoo, Christopher Woojin"]
[Result "0-1"]
[WhiteElo "1889"]
[BlackElo "2407"]
[Annotator "TA"]
[PlyCount "56"]
[EventDate "2018.11.04"]
[EventType "swiss"]
[EventCountry "ESP"]
[SourceTitle "playchess.com"]
[Source "ChessBase"]
[SourceQuality "1"]

{[%evp 21,56,57,58,43,50,58,71,80,80,70,77,69,58,70,73,68,86,46,109,-75,-85,-85,-99,-85,-87,-129,-125,-142,-145,-129,-117,-126,-134,-262,-261,-262,-262]} 1. e4 c5 2. Nf3 d6 3. d4 cxd4 4. Nxd4 Nf6 5. Nc3 a6 6. Bg5 Nbd7 7. Qe2 {B94: Sicilian Najdorf: 6 Bg5 Nbd7} h6 8. Bh4 b5 (8... g6 9. f4 Qc7 10. O-O-O Bg7 11. g4 e5 12. fxe5 Nxe5 13. h3 Be6 14. Qf2 Nfd7 {½-½ (26) Carlsen,M (2842)-Svidler,P (2753) Biel 2018}) 9. f4 g5 10. fxg5 hxg5 11. Bxg5 Bb7 {LiveBook: 7 Games} 12. O-O-O e6 13. g4 Be7 $146 ({Predecessor:} 13... b4 14. Nd5 exd5 15. exd5+ {½-½ (60) Cornette,M (2585)-Idani,P (2496) Reykjavik 2015}) 14. Bg2 $1 Ne5 15. h3 Rc8 16. Kb1 Nfd7 17. Bxe7 Qxe7 18. Rhf1 Nb6 19. Nf3 Nec4 (19... Nbc4 $14) 20. e5 $2 {[#]} (20. Ka1 $1 $16 {and life is bright.}) 20... d5 $1 $17 {Threatens to win with ...Qb4.} 21. Rd3 ({Don't go for} 21. a3 $2 {[#]} Nxb2 $1 {[%mdl 512]} 22. Na2 Nxd1 $19) 21... Nxb2 $1 22. Kxb2 {Ka1 is the strong threat.} Qb4+ 23. Kc1 {Hoping for Nd1.} Rxc3 24. Rxc3 Qxc3 $40 {[%mdl 128] Black has strong attack.} 25. Qd3 Qa1+ 26. Kd2 Qxa2 27. Ng5 (27. Ke1 $17) 27... Nc4+ $19 28. Ke2 Nxe5 {Precision: White = 53%, Black = 71%.} 0-1

[Event "FIDE WCCC U12 2018"]
[Site "Santiago de Compostela"]
[Date "2018.11.12"]
[Round "8"]
[White "Amilal Munkhdalai"]
[Black "Clasby, Derek"]
[Result "1-0"]
[WhiteElo "1864"]
[BlackElo "2087"]
[Annotator "NA RC"]
[PlyCount "143"]
[EventDate "2018.11.04"]
[EventType "swiss"]
[EventCountry "ESP"]
[SourceTitle "playchess.com"]
[Source "ChessBase"]
[SourceQuality "1"]
[TimeControl "40/5400+30:1800+30"]

{[%evp 35,143,-14,-15,-41,-33,-48,-71,-95,-103,-233,-158,-151,-141,-145,-152,-142,-115,-147,-100,-100,-49,-109,-70,-69,32767,32767,-56,-75,-63,-62,-43,-43,-35,-47,0,0,0,-21,0,0,32767,32767,10,15,28,22,41,60,50,32767,52,57,86,32767,32767,32767,32767,32767,32767,32767,32767,153,103,135,171,145,150,171,197,153,270,70,195,195,180,242,277,279,321,371,437,464,765,483,397,236,293,0,535,32767,900,490,32767,1118,1214,1682,1314,6126,5069,29975,29941,29981,32767,32767,32767,32767,32767,29997,29997,29998]} 1. e4 {[%emt 0:00:00]} e5 {[%emt 0:00:00]} 2. Nf3 {[%emt 0:00:00]} Nc6 {[%emt 0:00:00]} 3. Bb5 {[%emt 0:00:00]} a6 {[%emt 0:00:03]} 4. Ba4 {[%emt 0:00:00]} Nf6 {[%emt 0:00:26]} 5. d3 {[%emt 0:00:07]} b5 {[%emt 0:04:35]} 6. Bb3 {[%emt 0:00:06]} Be7 {[%emt 0:00:22]} 7. O-O {[%emt 0:00:34]} d6 {[%emt 0:00:30]} 8. c3 {[%emt 0:00:08]} O-O {[%emt 0:00:58]} 9. h3 {[%emt 0:00:16]} Nb8 {[%emt 0:02:10]} 10. Re1 {[%emt 0:02:08]} Nbd7 {[%emt 0:01:59]} 11. Nbd2 {[%emt 0:00:20]} Bb7 {[%emt 0:05:49]} 12. Nf1 {[%emt 0:01:29]} Nc5 {[%emt 0:01:37]} 13. Bc2 {[%emt 0:00:10]} Re8 {[%emt 0:00:38]} 14. Ng3 {[%emt 0:02:55]} g6 {[%emt 0:01:23] C94: Closed Ruy Lopez: Breyer Variation with 10 d3} (14... Bf8 15. b4 Ncd7 16. a4 h6 17. d4 d5 18. dxe5 Nxe4 19. axb5 axb5 20. Rxa8 Bxa8 21. Bf4 c5 22. bxc5 Bxc5 23. Be3 Nxc3 {½-½ (41) Vidit,S (2707)-Yu,Y (2760) Liaocheng 2018}) 15. Be3 {[%emt 0:00:38]} Bf8 {[%emt 0:01:27]} 16. Qe2 {[%emt 0:05:41]} Qe7 {[%emt 0:03:50]} 17. Rad1 {[%emt 0:05:34]} Bg7 {[%emt 0:03:28]} 18. Nf1 $146 {[%emt 0:08:07]} ({Predecessor:} 18. Bb1 Rad8 19. Qd2 Qf8 20. b4 Ne6 21. d4 Nd7 22. d5 {½-½ (67) Novosadova,K (2211)-Zimina,O (2349) Zillertal 2015}) 18... Ne6 {[%emt 0:03:41]} 19. N1d2 {[%emt 0:01:32]} c5 {[%emt 0:01:25]} 20. a4 {[%emt 0:07:00]} d5 {[%emt 0:07:43]} 21. exd5 {[%emt 0:06:03]} Nxd5 {[%emt 0:00:10]} 22. Nb3 {[%emt 0:00:25]} (22. Bb3 $17) 22... Qc7 {[%emt 0:05:39]} 23. Qf1 {[%emt 0:07:39]} bxa4 {[%emt 0:01:48]} 24. Nbd2 {[%emt 0:01:11] [#]} a3 $1 {[%emt 0:01:00]} 25. bxa3 {[%emt 0:00:18]} Nxc3 {[%emt 0:00:30]} 26. Rc1 {[%emt 0:00:02]} Nd4 {[%emt 0:04:15]} 27. Bb3 {[%emt 0:00:23]} Ncb5 {[%emt 0:01:02]} (27... Nxb3 $17 28. Rxc3 Nd4) 28. Bxd4 {[%emt 0:02:19]} (28. a4 $15 Bxf3 29. axb5) 28... Nxd4 {[%emt 0:07:40]} (28... exd4 $17 29. Ng5 Rf8) 29. Nxd4 {[%emt 0:00:08]} exd4 {[%emt 0:00:12]} 30. Ne4 {[%emt 0:00:03]} Bxe4 {[%emt 0:08:07]} 31. Rxe4 {[%emt 0:00:09]} Rxe4 {[%emt 0:00:23]} 32. dxe4 {[%emt 0:00:04]} Bh6 {[%emt 0:00:43]} 33. Rb1 {[%emt 0:00:24]} Rb8 {[%emt 0:05:43]} 34. Bc4 {[%emt 0:00:19]} Bf4 {[%emt 0:02:27]} 35. Rxb8+ {[%emt 0:10:24]} Qxb8 {[%emt 0:00:05]} 36. Bxa6 {[%emt 0:00:06]} Qb2 {[%emt 0:03:23]} 37. g3 {[%emt 0:00:22]} Bc1 {[%emt 0:04:26]} 38. a4 {[%emt 0:00:16]} Bd2 {[%emt 0:02:09]} 39. Bb5 {[%emt 0:01:54]} Bb4 {[%emt 0:01:09]} 40. Qd3 {[%emt 0:00:00]} h5 {[%emt 0:00:00]} 41. Kg2 {[%emt 0:09:52]} Kg7 {[%emt 0:09:24]} 42. Bc4 {[%emt 0:00:47]} Qc3 {[%emt 0:01:49]} 43. Qe2 {[%emt 0:00:25]} h4 {[%emt 0:23:57]} 44. gxh4 {[%emt 0:01:21]} Qc1 {[%emt 0:02:19]} 45. e5 {[%emt 0:02:22]} Qf4 {[%emt 0:01:23]} 46. e6 {[%emt 0:00:06]} fxe6 {[%emt 0:00:22]} 47. Qxe6 {[%emt 0:00:07]} Qf6 {[%emt 0:04:05]} 48. Qxf6+ {[%emt 0:07:07]} Kxf6 {[%emt 0:00:06]} 49. f4 {[%emt 0:00:19]} Ba5 {[%emt 0:02:08]} 50. Kf3 {[%emt 0:00:08]} Kf5 {[%emt 0:01:07]} 51. Bd3+ {[%emt 0:00:45]} Kf6 {[%emt 0:00:51]} 52. Ke4 {[%emt 0:03:21]} Ke6 {[%emt 0:00:54]} 53. Bc4+ {[%emt 0:00:12]} Kf6 {[%emt 0:00:09]} 54. Be2 {[%emt 0:00:05]} Ke6 {[%emt 0:01:29]} 55. h5 {[%emt 0:00:07]} gxh5 {[%emt 0:00:02]} 56. Bxh5 {[%emt 0:00:06]} Be1 {[%emt 0:01:03]} 57. Be2 {[%emt 0:01:39]} Kf6 {[%emt 0:00:38]} 58. Kf3 {[%emt 0:03:19]} Ke6 {[%emt 0:00:34] [#]} 59. Bc4+ $1 {[%emt 0:01:08]} Kf5 {[%emt 0:00:23]} 60. Bb5 {[%emt 0:00:48]} Ke6 {[%emt 0:00:31]} 61. Bc4+ {[%emt 0:01:30]} ({White must play} 61. Ke4 $18 Kf6 {[#]} 62. h4 $1 {[%mdl 512]}) 61... Kf5 {[%emt 0:00:25]} 62. Bd3+ {[%emt 0:01:18]} Ke6 {[%emt 0:00:16]} 63. Ke4 {[%emt 0:00:05]} Kf6 {[%emt 0:00:25]} 64. Kd5 {[%emt 0:00:39]} Bd2 {[%emt 0:00:45]} 65. f5 {[%emt 0:00:04]} Bb4 {[%emt 0:00:44]} 66. h4 {[%emt 0:00:48]} Kg7 {[%emt 0:01:29]} 67. Ke6 {[%emt 0:00:12]} Kf8 {[%emt 0:00:07]} 68. f6 {[%emt 0:00:20]} Kg8 {[%emt 0:00:13]} 69. h5 {[%emt 0:00:15]} Kf8 {[%emt 0:00:05]} 70. h6 {[%emt 0:00:06]} Kg8 {[%emt 0:00:04]} 71. f7+ {[%emt 0:00:10]} Kf8 {[%emt 0:00:06]} 72. h7 {[%emt 0:00:05]} 1-0

[Event "FIDE WCCC U12 2018"]
[Site "Santiago de Compostela"]
[Date "2018.11.12"]
[Round "8"]
[White "Deng Yu Dong Michael"]
[Black "Xu, Arthur"]
[Result "0-1"]
[WhiteElo "1863"]
[BlackElo "2034"]
[Annotator "NA RC"]
[PlyCount "118"]
[EventDate "2018.11.04"]
[EventType "swiss"]
[EventCountry "ESP"]
[SourceTitle "playchess.com"]
[Source "ChessBase"]
[SourceQuality "1"]
[TimeControl "40/5400+30:1800+30"]

1. d4 {[%emt 0:00:00]} d5 {[%emt 0:00:00]} 2. c4 {[%emt 0:00:00]} Nc6 {[%emt 0:00:00]} 3. Nf3 {[%emt 0:00:04]} Bg4 {[%emt 0:00:00]} 4. Nc3 {[%emt 0:00:27]} e6 {[%emt 0:00:11]} 5. Bf4 {[%emt 0:00:28]} Bd6 {[%emt 0:00:11] D07: Damengambit (Tschigorin-Verteidigung)} (5... Bxf3 6. gxf3 Bb4 7. e3 Nge7 8. Qc2 dxc4 9. Bxc4 Nd5 10. Bg3 h5 11. h3 Qd7 12. O-O-O O-O-O 13. Ne4 {½-½ (35) Gelfand,B (2740)-Ivanchuk,V (2757) London 2013 CBM 154 [Krasenkow,M]}) 6. Bg3 {[%emt 0:00:23]} Nge7 {[%emt 0:00:54]} 7. e3 {[%emt 0:00:55]} O-O {[%emt 0:00:57]} 8. Rc1 {[%emt 0:00:48]} a6 $146 {[%emt 0:11:08]} ({Vorgänger:} 8... dxc4 9. Bxc4 e5 10. dxe5 Bxf3 11. Qxf3 Bxe5 12. O-O Bxg3 13. Qxg3 Qd6 14. Qxd6 cxd6 {1-0 (30) Halkias,S (2579)-Kristjansson,S (2477) Reykjavik 2008}) 9. a3 {[%emt 0:04:12]} Qd7 {[%emt 0:08:23]} 10. b4 {[%emt 0:03:22]} f5 {[%emt 0:02:28]} 11. c5 {[%emt 0:02:37]} Bxg3 {[%emt 0:02:02]} 12. hxg3 {[%emt 0:00:17]} e5 {[%emt 0:11:20]} 13. dxe5 {[%emt 0:11:18]} Bxf3 {[%emt 0:04:30]} 14. Qxf3 {[%emt 0:07:28]} (14. gxf3 $16 Nxe5 15. f4) 14... Nxe5 {[%emt 0:03:02]} 15. Qh5 {[%emt 0:04:23]} h6 {[%emt 0:01:35]} 16. Be2 {[%emt 0:02:04]} c6 {[%emt 0:11:38]} 17. O-O {[%emt 0:06:41]} Qe6 {[%emt 0:06:06]} 18. Rfd1 {[%emt 0:02:24]} N7g6 {[%emt 0:03:19]} (18... Kh7 $11) 19. Rd4 {[%emt 0:02:09]} (19. f4 $14) 19... Qf6 {[%emt 0:04:06]} 20. Rcd1 {[%emt 0:04:37]} Rad8 {[%emt 0:04:34]} 21. Na4 {[%emt 0:17:35]} Rf7 {[%emt 0:07:42]} 22. Nb6 {[%emt 0:01:48]} Nf8 {[%emt 0:01:34]} 23. g4 {[%emt 0:12:44]} ({Better is} 23. f4 $15 Ned7 24. Nxd7 Nxd7 25. g4) 23... Ne6 {[%emt 0:04:56]} ({Reject} 23... Nxg4 $6 24. Bxg4 fxg4 25. Rf4 $11) ({Much worse is} 23... fxg4 $6 24. Rf4 $15) 24. R4d2 $2 {[%emt 0:03:17]} (24. Qxf5 $17 Nxd4 25. exd4) 24... fxg4 {[%emt 0:01:54]} 25. Rf1 {[%emt 0:09:08]} Ng5 {[%emt 0:02:03]} 26. Rd4 {[%emt 0:00:43]} Ne4 {[%emt 0:01:36]} 27. Bxg4 $2 {[%emt 0:01:49]} (27. Rxe4 {keeps fighting.} dxe4 28. Nc4 Nf3+ 29. Bxf3 gxf3 30. g3) 27... g6 {[%emt 0:00:20]} 28. Qh3 {[%emt 0:00:20]} Nxf2 {[%emt 0:01:58]} 29. Qg3 {[%emt 0:00:05]} Nh3+ {[%emt 0:01:28]} 30. Bxh3 {[%emt 0:00:11]} Qxf1+ {[%emt 0:00:06]} 31. Kh2 {[%emt 0:00:00]} Qf6 {[%emt 0:01:25]} 32. Rf4 {[%emt 0:01:42]} Qe7 {[%emt 0:00:38]} 33. Nc8 {[%emt 0:00:23]} Qg5 {[%emt 0:02:48]} 34. Be6 {[%emt 0:00:34]} Qxg3+ {[%emt 0:00:21]} 35. Kxg3 {[%emt 0:00:01]} Kg7 {[%emt 0:00:27]} 36. Bxf7 {[%emt 0:00:22]} Nxf7 {[%emt 0:00:18]} 37. Nb6 {[%emt 0:00:07]} Re8 {[%emt 0:00:23]} 38. Kf2 {[%emt 0:01:33]} g5 {[%emt 0:00:40]} 39. Rd4 {[%emt 0:00:17]} Ne5 {[%emt 0:00:29]} 40. a4 {[%emt 0:00:00]} h5 {[%emt 0:00:00]} 41. Ke2 {[%emt 0:06:00]} Ng4 {[%emt 0:01:10]} 42. Rd3 {[%emt 0:00:30]} Re4 {[%emt 0:01:47]} 43. b5 {[%emt 0:01:39]} a5 {[%emt 0:11:31]} 44. bxc6 {[%emt 0:04:02]} (44. Nc8 $142) 44... bxc6 {[%emt 0:00:03]} 45. Kd2 {[%emt 0:00:14]} Kf7 {[%emt 0:01:48]} 46. Rd4 {[%emt 0:02:14]} Ke6 {[%emt 0:09:59]} ({Better is} 46... Nf6 $19 47. Nc8 Re6 48. Nd6+ Kg6) 47. Rxe4+ {[%emt 0:05:49]} dxe4 {[%emt 0:00:02]} 48. Nc4 {[%emt 0:00:55]} Ne5 {[%emt 0:01:48]} 49. Nxa5 $19 {[%emt 0:02:42]} Kd5 {[%emt 0:00:06]} 50. Nb3 {[%emt 0:05:49]} Nd3 {[%emt 0:01:06]} 51. Kc3 {[%emt 0:02:28]} Nxc5 {[%emt 0:00:22]} 52. a5 {[%emt 0:01:09]} Nxb3 {[%emt 0:02:27]} 53. Kxb3 {[%emt 0:01:49]} Kc5 {[%emt 0:00:39]} 54. a6 {[%emt 0:00:39]} Kb6 {[%emt 0:00:04]} 55. Kc4 {[%emt 0:00:25]} h4 {[%emt 0:01:15]} 56. Kd4 {[%emt 0:00:04]} g4 {[%emt 0:00:03]} 57. Kxe4 {[%emt 0:00:07]} h3 {[%emt 0:00:17]} 58. gxh3 {[%emt 0:00:15]} gxh3 {[%emt 0:00:04]} 59. Kf3 {[%emt 0:00:03]} c5 {[%emt 0:00:11]} 0-1

[Event "FIDE WCCC U12 2018"]
[Site "Santiago de Compostela"]
[Date "2018.11.12"]
[Round "8"]
[White "Yavuz, Efe Metehan"]
[Black "Shen, Shiyan"]
[Result "0-1"]
[WhiteElo "1828"]
[BlackElo "2187"]
[Annotator "TA"]
[PlyCount "114"]
[EventDate "2018.11.04"]
[EventType "swiss"]
[EventCountry "ESP"]
[SourceTitle "playchess.com"]
[Source "ChessBase"]
[SourceQuality "1"]

{[%evp 12,114,19,8,35,27,36,27,27,27,18,23,33,9,36,33,26,27,27,20,27,11,4,0,0,-7,-10,0,11,10,11,-1,0,-6,-7,-13,-5,-107,-105,-105,-110,-108,-109,-107,-109,-117,-122,-139,-137,-141,-128,-148,-152,-154,-118,-122,-122,-160,-152,-178,-182,-211,-155,-154,-152,-208,-208,-223,-213,-212,-125,-103,0,-153,-153,-153,-153,-154,-153,-153,-146,-145,-142,-151,-131,-216,-206,-248,-237,-425,-420,-566,-560,-629,-595,-993,-963,-810,-741,-723,-714,-717,-709,-674,-664]} 1. e4 c5 2. Nf3 d6 3. Bb5+ Nd7 4. O-O Ngf6 5. Re1 a6 6. Bxd7+ Nxd7 7. c3 {LiveBook: 15 Games} e5 {B51: Sicilian: Moscow Variation (3 Bb5+) without 3...Bd7} (7... e6 8. d4 Be7 9. Nbd2 cxd4 10. cxd4 O-O 11. Nf1 b5 12. a4 bxa4 13. Qxa4 Bb7 14. Bd2 Nf6 15. Ng3 {½-½ (36) Toufighi,H (2428)-Tiviakov,S (2673) Rasht 2012}) 8. d4 Be7 9. dxe5 dxe5 {White has an edge.} 10. Na3 O-O 11. Nc4 f6 $146 ({Predecessor:} 11... Qc7 12. Qd5 b5 13. Ncxe5 Nxe5 14. Qxe5 Bd6 15. Qh5 {½-½ (61) Daghan,D (1906)-Gozubuyukoglu,S (1793) Mersin 2016}) 12. Qd5+ Kh8 13. Nd6 Bxd6 $1 14. Qxd6 a5 15. Be3 Ra6 16. Qd5 Rc6 17. Red1 Qc7 18. c4 Nb6 {[%cal Bd7b6,Bb6c8,Bc8d6,Bd6e4][%mdl 32]} 19. Qd3 Be6 20. b3 Nc8 21. Qc3 b6 22. Rd3 Rd6 23. Rad1 Rfd8 24. Rxd6 (24. Ne1 $11) 24... Nxd6 $17 25. Qd3 Rd7 26. Qc2 {[#]} Nxe4 $1 {[%mdl 512]} 27. Rxd7 (27. Qxe4 Rxd1+) 27... Qxd7 28. h3 Nd6 29. Nd2 Nf5 30. Nf3 Ne7 31. Kf1 Bf5 32. Qd2 Nc6 33. Qxd7 Bxd7 {[%mdl 4096] Endgame KBN-KBN} 34. Nd2 Nb4 $1 35. a4 Bf5 36. f4 Bc2 37. fxe5 fxe5 38. Bg5 {[#]} (38. Bf2 $17) 38... Nc6 $1 $19 39. Ke2 h6 40. Bh4 Nd4+ ({Black should play} 40... Kg8 $19 41. Kf2 g5) 41. Kf2 {[#]} Nc6 (41... g5 $1 $17 {[%cal Rg5h4]} 42. Bg3 Nc6) 42. Bg3 $2 (42. Ke2 $1 $11) 42... Kg8 $17 43. Nf3 Bxb3 44. Nxe5 Nd4 45. Nd7 Bxa4 ({Don't take} 45... Bxc4 46. Nxb6 Bb3 47. Be5 $15) 46. Nxb6 Bc6 {...a4 is the strong threat.} 47. Bd6 Nb3 {And now ...a4 would win.} 48. Be5 (48. Nc8 $17 Kf7 49. Na7) 48... a4 $19 {Threatens to win with ...a3.} 49. Bb2 Nd4 50. Ke3 $2 (50. h4 {keeps fighting.}) 50... a3 51. Bxa3 Nc2+ {Black is clearly winning.} 52. Kd3 Nxa3 53. g3 Kf7 54. Kc3 Nb1+ 55. Kc2 Be4+ 56. Kc1 Ke6 57. Na4 Kd6 {Precision: White = 41%, Black = 82%.} 0-1